=LDR 00000nam 2200000 4500 =001 INLIS000000000003569 =005 20250318104711 =035 ##$$a 0010-0325000285 =007 ta =008 250318################g##########e#ind## =082 ##$$a 363.96 =084 ##$$a 363.96 IPK b =245 1#$$a BKKBN Jatim Lakukan Strategi Untuk Dongkrak Minat Akseptor MOP /$c BKKBN =250 ##$$a Edisi XXXIX Th. V - Juni 2016 =260 ##$$a Jakarta,$c 2016 =300 ##$$a 34 : $b Ilustrasi ; $c 28,5 =650 #4$$a Keluarga Berencana =110 #$$a IPKB Jatim =520 ##$$a Buku ini berisi tentang BKKBN Jatim Lakukan Strategi Untuk Dongkrak Minat Akseptor MOP =856 ##$$a Perpustakaan UPT Balai Diklat KKB Jember